Online
Catalog
Normal view MARC view

Entry Nombre personal

Number of records used in: 24

001 - NÚMERO DE CONTROL

  • campo de control: 34816

003 - IDENTIFICADOR DEL NÚMERO DE CONTROL

  • campo de control: BNPHU

005 - FECHA Y HORA DE LA ÚLTIMA TRANSACCIÓN

  • campo de control: 20240228192850.0

008 - DATOS DE LONGITUD FIJA

  • campo de control de longitud fija: 200615|| aca||aabn | a|a d

010 ## - NÚMERO DE CONTROL DE LA BIBLIOTECA DEL CONGRESO

  • Número de control de LC: n 80138871

040 ## - FUENTE DE LA CATALOGACIÓN

  • Centro catalogador/agencia de origen: DO-SdBNP
  • Lengua de catalogación: spa
  • Centro/agencia transcriptor: BNPHU
  • Normas de descripción: rda

100 1# - ENCABEZAMIENTO-NOMBRE DE PERSONA

  • Nombre de persona: Fiallo, Fabio,
  • Fechas asociadas al nombre: 1866-1942

370 ## - LUGAR ASOCIADO

  • Lugar de nacimiento: República Dominicana

374 ## - OCUPACIÓN

  • Ocupación: Escritor
  • Ocupación: Poeta
  • Ocupación: Político

375 ## - GÉNERO/SEXO

  • Género/Sexo: Masculino

377 ## - LENGUA/LENGUAJE ASOCIADO

  • Código del idioma: spa
  • Término de lengua/lenguaje: Español

400 1# - TRAZADO DE VÉASE--NOMBRE DE PERSONA

  • Nombre de persona: Fiallo Cabral, Fabio Federico
  • Fechas asociadas al nombre: 1865-1942

670 ## - FUENTE DE DATOS ENCONTRADOS

  • Cita de la fuente: Work cat.: (OSt)14979: Fiallo, Fabio Rafael, Final de ensueño en Santo Domingo /, 2004.

670 ## - FUENTE DE DATOS ENCONTRADOS

  • Identificador Uniforme del Recurso: https://www.google.com/search?q=fabio+fiallo&rlz=1C1CHBF_esDO1075DO1075&oq=fabio+fiallo&gs_lcrp=EgZjaHJvbWUqEAgAEAAYgwEY4wIYsQMYgAQyEAgAEAAYgwEY4wIYsQMYgAQyDQgBEC4YgwEYsQMYgAQyBwgCEAAYgAQyBwgDEAAYgAQyBwgEEAAYgAQyBwgFEAAYgAQyBwgGEAAYgAQyBwgHEAAYgAQyBwgIEAAYgAQyBwgJEAAYgATSAQk0NTI2ajBqMTWoAgCwAgA&sourceid=chrome&ie=UTF-8

670 ## - FUENTE DE DATOS ENCONTRADOS

  • Identificador Uniforme del Recurso: https://authorities.loc.gov/cgi-bin/Pwebrecon.cgi?AuthRecID=1912208&v1=1&HC=1&SEQ=20240226170737&PID=hkjYLWYEMYeI9nCvEgZqWDtN_

Powered by Koha